Creasy and Resnik's maternal-fetal medicine : (Record no. 120041)

MARC details
000 -LEADER
fixed length control field 01452cam a2200397 i 4500
008 - FIXED-LENGTH DATA ELEMENTS--GENERAL INFORMATION
fixed length control field
020 ## - INTERNATIONAL STANDARD BOOK NUMBER
International Standard Book Number 9781455711376 (hardback)
040 ## - CATALOGING SOURCE
Original cataloging agency NUST
Transcribing agency NUST
049 ## - LOCAL HOLDINGS (OCLC)
Holding library MAIN
090 ## - LOCALLY ASSIGNED LC-TYPE CALL NUMBER (OCLC); LOCAL CALL NUMBER (RLIN)
Classification number (OCLC) (R) ; Classification number, CALL (RLIN) (NR) RG526
Local cutter number (OCLC) ; Book number/undivided call number, CALL (RLIN) CRE
003 - CONTROL NUMBER IDENTIFIER
control field
005 - DATE AND TIME OF LATEST TRANSACTION
control field 20230120204248.0
245 00 - TITLE STATEMENT
Title Creasy and Resnik's maternal-fetal medicine :
Remainder of title principles and practice /
Statement of responsibility, etc. editors, Robert K. Creasy ; Robert Resnik ; Jay D. Iams ; Charles J. Lockwood ; Thomas R. Moore and Michael F. Greene.
250 ## - EDITION STATEMENT
Edition statement Seventh edition.
264 #1 - PRODUCTION, PUBLICATION, DISTRIBUTION, MANUFACTURE, AND COPYRIGHT NOTICE
Place of production, publication, distribution, manufacture Philadelphia, PA :
Name of producer, publisher, distributor, manufacturer Elsevier/Saunders,
Date of production, publication, distribution, manufacture, or copyright notice 2014.
300 ## - PHYSICAL DESCRIPTION
Extent xxiv, 1294 pages :
Other physical details illustrations (some colour) ;
Dimensions 29 cm.
336 ## - CONTENT TYPE
Content type term text
Source rdacontent
337 ## - MEDIA TYPE
Media type term unmediated
Source rdamedia
338 ## - CARRIER TYPE
Carrier type term volume
Source rdacarrier
500 ## - GENERAL NOTE
General note Includes index.
504 ## - BIBLIOGRAPHY, ETC. NOTE
Bibliography, etc. note Includes bibliographical references.
650 #0 - SUBJECT ADDED ENTRY--TOPICAL TERM
Topical term or geographic name entry element Obstetrics.
650 #0 - SUBJECT ADDED ENTRY--TOPICAL TERM
Topical term or geographic name entry element Perinatology.
650 12 - SUBJECT ADDED ENTRY--TOPICAL TERM
Topical term or geographic name entry element Fetal Diseases.
650 22 - SUBJECT ADDED ENTRY--TOPICAL TERM
Topical term or geographic name entry element Fetus
General subdivision physiology.
650 22 - SUBJECT ADDED ENTRY--TOPICAL TERM
Topical term or geographic name entry element Pregnancy
General subdivision physiology.
650 22 - SUBJECT ADDED ENTRY--TOPICAL TERM
Topical term or geographic name entry element Pregnancy Complications.
650 22 - SUBJECT ADDED ENTRY--TOPICAL TERM
Topical term or geographic name entry element Prenatal Diagnosis.
700 1# - ADDED ENTRY--PERSONAL NAME
Personal name Creasy, Robert K.,
Relator term editor of compilation.
700 1# - ADDED ENTRY--PERSONAL NAME
Personal name Resnik, Robert,
Relator term editor of compilation.
700 1# - ADDED ENTRY--PERSONAL NAME
Personal name Greene, Michael F.,
Relator term editor of compilation.
700 1# - ADDED ENTRY--PERSONAL NAME
Personal name Iams, Jay D.,
Relator term editor of compilation.
700 1# - ADDED ENTRY--PERSONAL NAME
Personal name Lockwood, Charles J.,
Relator term editor of compilation.
907 ## - LOCAL DATA ELEMENT G, LDG (RLIN)
a .b10399082
b 27-01-20
c 27-01-20
942 ## - ADDED ENTRY ELEMENTS (KOHA)
Koha item type Ordinary Loan Books
Call number prefix RG526
Call number suffix CRE
Holdings
Date last seen Total Checkouts Full call number Barcode Cost, replacement price Price effective from Koha item type Lost status Source of classification or shelving scheme Damaged status Not for loan Collection Withdrawn status Home library Current library Shelving location Date acquired Cost, normal purchase price
01/20/2023   RG526 CRE 92004046678 80.00 01/20/2023 BOOKS   LCC     NFIC   Medical Medical GEN 01/20/2023 80.00